Normal view
MARC view
- القانون الخاص -- قانون الملكية -- الأردن
Entry Topical Term
001 - CONTROL NUMBER
- control field: 47383
003 - CONTROL NUMBER IDENTIFIER
- control field: JO-AjAnu
005 - DATE AND TIME OF LATEST TRANSACTION
- control field: 20230606081825.0
008 - FIXED-LENGTH DATA ELEMENTS
- fixed length control field: 230606|| aca||aabn | a|a d
040 ## - CATALOGING SOURCE
- Original cataloging agency: JO-AjAnu
- Transcribing agency: JO-AjAnu
150 ## - HEADING--TOPICAL TERM
- Topical term or geographic name entry element: القانون الخاص -- قانون الملكية -- الأردن
670 ## - SOURCE DATA FOUND
- Source citation: Work cat.: (JO-AjAnu)24248: المومني، بشار طلال , author 47382, الامتداد القانوني والرضائية لعقد الايجار في القانون الأردني " دراسة مقارنة " : وفقا لأحداث التعديلات القانونية والتطبيقات القضائية